000 01416nam2a22002771 4500
001 rc\4609566
005 20250612131738.0
021 _aRU
_b[66-80936]
035 _a(NLR Aleph) 008670141
090 _a9115044
_c9115044
100 _a20130416d1966 |||y0rusy50 ca
101 0 _arus
102 _aRU
105 _aa z |||||
200 1 _a1920-1940
_f[Авт. проф. В.К. Мишке, канд. ист. наук П.Б. Бамбитис, Я.Я. Биезайс и др.]
210 _cЛиесма
_d1966
_aБ. м.
215 _a472 с.
_cил.
461 0 _1001rc\4609564
_12001#$aОчерки истории Коммунистической партии Латвии$e[Ч.] 1-$fИн-т истории партии при ЦК КП Латвии - филиал Ин-та марксизма-ленинизма при ЦК КПСС$v[Ч.] 2
_99115034
_cРига
_d1962
_fИн-т истории партии при ЦК КП Латвии - филиал Ин-та марксизма-ленинизма при ЦК КПСС
_nЛатгосиздат
_o[Ч.] 1-
_tОчерки истории Коммунистической партии Латвии
_v[Ч.] 2
701 1 _aБамбитис
_bП.Б.
701 1 _aМишке
_bВ.К.
_gВладимир Карлович
701 1 _aБиезайс
_bЯ.Я.
801 0 _aRU
_bNLR
_gpsbo
801 1 _aRU
_bELAR
_2rusmarc
852 _aNLR
_j62-5/3579
942 _cBOOK
980 _aNB